| 000 | 00660nam a2200253Ia 4500 | ||
|---|---|---|---|
| 003 | OSt | ||
| 005 | 20220918163518.0 | ||
| 006 | a|||||r|||| 00| 0 | ||
| 007 | ta | ||
| 008 | 220917b |||||||| |||| 00| 0 eng d | ||
| 020 | _a006476257 | ||
| 024 | _a33,541 | ||
| 037 | _cTextual | ||
| 040 |
_aARTS _cARTS _beng |
||
| 041 |
_2eng _aeng |
||
| 082 | _aO111,2vL, L6.8 | ||
| 100 |
_aCraik T W _94946 |
||
| 245 | 0 | _aRevels history of drama in English | |
| 260 |
_aLondon _bMethuen UK _c1977 |
||
| 300 |
_axlviii;324p. _ccm. |
||
| 650 | _aENGLISH LITERATURE | ||
| 942 |
_hO111,2vL, L6.8 _cTEXL _2CC |
||
| 999 |
_c119891 _d119891 |
||